[Event "Quebec-ch"]
[Site "Montreal CAN"]
[Date "1999.06.22"]
[Round "1.2"]
[White "Leveille, Francois"]
[Black "Prahov, Valentin"]
[Result "1/2-1/2"]
[WhiteElo "2345"]
[BlackElo "2235"]
[PlyCount "110"]
[GameId "2160767911743331"]
[EventDate "1999.06.05"]
[EventType "k.o."]
[EventRounds "4"]
[EventCountry "CAN"]
[SourceTitle "EXT 2000"]
[Source "ChessBase"]
[SourceDate "1999.11.18"]
[SourceVersion "1"]
[SourceVersionDate "1999.11.18"]
[SourceQuality "1"]

1. e4 c5 2. Nf3 Nf6 3. e5 Nd5 4. Nc3 e6 5. Ne4 f5 6. exf6 Nxf6 7. Nxf6+ Qxf6 8. d4 Nc6 9. Bg5 Qf7 10. Bd3 cxd4 11. O-O Be7 12. Qe2 b6 13. Be4 Bb7 14. Ne5 Nxe5 15. Bxb7 Rb8 16. Bxe7 Qxe7 17. Qxe5 Rxb7 18. Rad1 O-O 19. Qxd4 Qf6 20. Qxf6 Rxf6 21. Rd6 Kf7 22. Rfd1 Ke7 23. c4 Rc7 24. b3 Rf5 25. a4 Re5 26. Kf1 Rh5 27. h3 Re5 28. R1d3 Re4 29. f3 Re5 30. Kf2 Rb7 31. Rd1 a6 32. R1d3 b5 33. cxb5 axb5 34. a5 b4 35. a6 Ra7 36. Rb6 Ra5 37. Rxb4 R5xa6 38. Rd2 Ra2 39. Rbd4 d5 40. f4 Kd6 41. Ke3 Rxd2 42. Rxd2 Rb7 43. Rb2 Rb4 44. g3 h5 45. Rb1 g6 46. Rb2 e5 47. fxe5+ Kxe5 48. Rb1 g5 49. Kd3 h4 50. gxh4 Rxh4 51. Re1+ Kd6 52. Re3 Kc5 53. Rg3 Kb4 54. Rxg5 Rxh3+ 55. Kd4 Kxb3 1/2-1/2

[Event "Quebec-ch"]
[Site "Montreal CAN"]
[Date "1999.06.22"]
[Round "1.2"]
[White "St Amand, Paul Jr"]
[Black "Schleifer, Michael"]
[Result "1/2-1/2"]
[WhiteElo "2165"]
[BlackElo "2305"]
[PlyCount "78"]
[GameId "2160767911743332"]
[EventDate "1999.06.05"]
[EventType "k.o."]
[EventRounds "4"]
[EventCountry "CAN"]
[SourceTitle "EXT 2000"]
[Source "ChessBase"]
[SourceDate "1999.11.18"]
[SourceVersion "1"]
[SourceVersionDate "1999.11.18"]
[SourceQuality "1"]

1. e4 c5 2. c3 Nc6 3. d4 cxd4 4. cxd4 d6 5. Nf3 g6 6. h3 Bg7 7. Be3 Nf6 8. Nc3 O-O 9. Bd3 b6 10. O-O Bb7 11. Rc1 e6 12. Qd2 Re8 13. Rfd1 a6 14. Bg5 Qb8 15. Qe3 b5 16. a3 Nd7 17. Ne2 e5 18. d5 Nd4 19. Nexd4 exd4 20. Qf4 Ra7 21. Qh4 Ba8 22. Bh6 Bf6 23. Qf4 Bh8 24. Bb1 Qb6 25. Nh2 Ne5 26. Ng4 Nxg4 27. hxg4 Qd8 28. Qd2 Qh4 29. Bf4 Rd7 30. f3 Qf6 31. Bd3 Qd8 32. Rc2 Bb7 33. Rdc1 Qb6 34. Kh2 Bg7 35. Qb4 Qd8 36. Bg3 f5 37. gxf5 gxf5 38. Qd2 Qf6 39. Bf4 Qe7 1/2-1/2

[Event "Quebec-ch"]
[Site "Montreal CAN"]
[Date "1999.06.22"]
[Round "1.2"]
[White "Strassmann, Swantje"]
[Black "Khassanov, Marat"]
[Result "1/2-1/2"]
[WhiteElo "2115"]
[BlackElo "2345"]
[PlyCount "114"]
[GameId "2160767911743333"]
[EventDate "1999.06.05"]
[EventType "k.o."]
[EventRounds "4"]
[EventCountry "CAN"]
[SourceTitle "EXT 2000"]
[Source "ChessBase"]
[SourceDate "1999.11.18"]
[SourceVersion "1"]
[SourceVersionDate "1999.11.18"]
[SourceQuality "1"]

1. e4 c5 2. Nf3 d6 3. d4 cxd4 4. Nxd4 Nf6 5. Nc3 Nc6 6. Be2 e5 7. Nf3 h6 8. O-O Be6 9. Re1 Be7 10. Bf1 a6 11. Nd5 b5 12. c4 bxc4 13. Qa4 Bd7 14. Qxc4 O-O 15. Be3 Nxd5 16. Qxd5 Qb8 17. b3 Re8 18. Rac1 Nd8 19. Bc4 Bc6 20. Qd3 Qb7 21. Nd2 Ne6 22. f3 Red8 23. Qc3 Rdc8 24. Qd3 Rd8 25. Bd5 Bxd5 26. Qxd5 Qxd5 27. exd5 Nc5 28. Rc3 Nd7 29. Rc7 Kf8 30. Nc4 Rac8 31. Ra7 Ra8 32. Rc7 Rac8 33. Ra7 Ra8 34. Rb7 Nf6 35. Nb6 Rab8 36. Ra7 Re8 37. Rxa6 Bd8 38. Rd1 Bxb6 39. Bxb6 Rec8 40. Rd2 Rb7 41. Be3 Ke7 42. Rc6 Kd7 43. Rb6 Rcb8 44. Ra6 Rb5 45. Ra7+ R8b7 46. Rxb7+ Rxb7 47. Rd3 Rb5 48. a4 Rxd5 49. Rxd5 Nxd5 50. Bd2 Kc6 51. b4 f5 52. Kf2 Kb7 53. b5 Kb6 54. Ke2 e4 55. g3 h5 56. h4 Kc5 57. Be1 Kb6 1/2-1/2

[Event "Quebec-ch"]
[Site "Montreal CAN"]
[Date "1999.06.23"]
[Round "2.1"]
[White "Goldenberg, Danny"]
[Black "Duong, Thanh Nha"]
[Result "0-1"]
[WhiteElo "2256"]
[BlackElo "2299"]
[PlyCount "44"]
[GameId "2160767911743334"]
[EventDate "1999.06.05"]
[EventType "k.o."]
[EventRounds "4"]
[EventCountry "CAN"]
[SourceTitle "EXT 2000"]
[Source "ChessBase"]
[SourceDate "1999.11.18"]
[SourceVersion "1"]
[SourceVersionDate "1999.11.18"]
[SourceQuality "1"]

1. e4 c6 2. d4 d5 3. Nc3 dxe4 4. Nxe4 Nf6 5. Nxf6+ gxf6 6. Bc4 Bf5 7. Ne2 Nd7 8. O-O e6 9. Re1 Bd6 10. Ng3 Bg6 11. c3 Qc7 12. Qf3 h5 13. d5 cxd5 14. Bxd5 O-O-O 15. Bb3 h4 16. Nf1 Ne5 17. Qxf6 h3 18. gxh3 Bf5 19. Re3 Rdg8+ 20. Rg3 Be7 21. Qxh8 Rxh8 22. Bf4 Bd6 0-1

[Event "Quebec-ch"]
[Site "Montreal CAN"]
[Date "1999.06.23"]
[Round "2.1"]
[White "Hua, Lefong"]
[Black "Schleifer, Michael"]
[Result "0-1"]
[WhiteElo "2248"]
[BlackElo "2305"]
[PlyCount "74"]
[GameId "2160767911743335"]
[EventDate "1999.06.05"]
[EventType "k.o."]
[EventRounds "4"]
[EventCountry "CAN"]
[SourceTitle "EXT 2000"]
[Source "ChessBase"]
[SourceDate "1999.11.18"]
[SourceVersion "1"]
[SourceVersionDate "1999.11.18"]
[SourceQuality "1"]

1. c4 b6 2. Nf3 Bb7 3. g3 e6 4. Bg2 Nf6 5. O-O Be7 6. Nc3 O-O 7. d4 d5 8. cxd5 Nxd5 9. Re1 Nxc3 10. bxc3 c5 11. e4 cxd4 12. cxd4 Nc6 13. Bb2 Bf6 14. Qd2 Rc8 15. Rac1 Na5 16. Qd3 Qd7 17. Ba3 Rfd8 18. d5 Rxc1 19. Rxc1 exd5 20. e5 Be7 21. Nd4 Bxa3 22. Qxa3 Nc4 23. Qb3 Nxe5 24. Nb5 Bc6 25. Nd4 Ba8 26. Rd1 Nc6 27. Nb5 Ne7 28. a4 Bc6 29. Qb4 a5 30. Qb3 Bxb5 31. axb5 Qd6 32. Rc1 h6 33. Qd3 a4 34. Ra1 Ra8 35. Qd4 a3 36. Bf1 Qc5 37. Qd3 d4 0-1

[Event "Quebec-ch"]
[Site "Montreal CAN"]
[Date "1999.06.23"]
[Round "2.1"]
[White "Leveille, Francois"]
[Black "Khassanov, Marat"]
[Result "1/2-1/2"]
[WhiteElo "2345"]
[BlackElo "2345"]
[PlyCount "124"]
[GameId "2160767911743337"]
[EventDate "1999.06.05"]
[EventType "k.o."]
[EventRounds "4"]
[EventCountry "CAN"]
[SourceTitle "EXT 2000"]
[Source "ChessBase"]
[SourceDate "1999.11.18"]
[SourceVersion "1"]
[SourceVersionDate "1999.11.18"]
[SourceQuality "1"]

1. d4 Nf6 2. c4 e6 3. g3 d5 4. Nf3 c6 5. Qc2 Nbd7 6. Bg2 Bd6 7. O-O O-O 8. Nbd2 Qe7 9. b3 Re8 10. Bb2 e5 11. dxe5 Nxe5 12. e3 Bg4 13. h3 Bd7 14. Rad1 Rad8 15. Kh2 Bc8 16. Nxe5 Bxe5 17. Bxe5 Qxe5 18. cxd5 cxd5 19. Nf3 Qh5 20. Rd4 Bf5 21. Qc7 Rd7 22. Qf4 h6 23. Rc1 Rde7 24. Nh4 Be4 25. Bxe4 Rxe4 26. Rxe4 dxe4 27. Rc7 Qb5 28. Nf5 Qb6 29. Qd6 Qa5 30. Nxh6+ gxh6 31. Rxb7 Qf5 32. Kg2 a5 33. a4 Nd5 34. Qxh6 Rc8 35. h4 Nf6 36. Qg5+ Qxg5 37. hxg5 Ne8 38. Rb5 Rc3 39. Rxa5 Rxb3 40. Re5 Nd6 41. g6 Rd3 42. gxf7+ Kxf7 43. g4 Kf6 44. Rc5 Ra3 45. a5 Nf7 46. Kg3 Ne5 47. Rd5 Nd3 48. Rf5+ Ke6 49. f3 Ne5 50. fxe4 Rxe3+ 51. Kf4 Rf3+ 52. Kg5 Ra3 53. a6 Nd7 54. Kg6 Rxa6 55. g5 Ra1 56. Kg7 Rg1 57. Ra5 Rg4 58. Ra6+ Ke7 59. g6 Rg1 60. Ra7 Ke6 61. Ra6+ Ke7 62. Ra7 Ke6 1/2-1/2

[Event "Quebec-ch"]
[Site "Montreal CAN"]
[Date "1999.06.23"]
[Round "2.2"]
[White "Duong, Thanh Nha"]
[Black "Goldenberg, Danny"]
[Result "1-0"]
[WhiteElo "2299"]
[BlackElo "2256"]
[PlyCount "95"]
[GameId "2160767911743339"]
[EventDate "1999.06.05"]
[EventType "k.o."]
[EventRounds "4"]
[EventCountry "CAN"]
[SourceTitle "EXT 2000"]
[Source "ChessBase"]
[SourceDate "1999.11.18"]
[SourceVersion "1"]
[SourceVersionDate "1999.11.18"]
[SourceQuality "1"]

1. d4 g6 2. Nf3 Bg7 3. c3 Nf6 4. Bg5 d6 5. Nbd2 Nbd7 6. e4 h6 7. Bh4 O-O 8. Bc4 e5 9. dxe5 dxe5 10. O-O g5 11. Bg3 Nh5 12. Qc2 Qe7 13. a4 Nf4 14. a5 c6 15. Rfe1 b5 16. axb6 Nxb6 17. Ba2 a5 18. Nc4 Nxc4 19. Bxc4 Qc5 20. Ra4 Ng6 21. h3 Bf6 22. Nh2 h5 23. Nf1 h4 24. Bh2 g4 25. hxg4 Bg5 26. Qe2 Be6 27. Ne3 Rab8 28. Bxe6 fxe6 29. Nc4 h3 30. Rxa5 Rb5 31. b4 Qe7 32. Rxb5 Bf4 33. g3 cxb5 34. gxf4 exf4 35. Nd2 Ne5 36. f3 Qa7+ 37. Kf1 Qa2 38. Bg1 Rd8 39. Bd4 Nc6 40. Nb1 Qxe2+ 41. Kxe2 Nxd4+ 42. cxd4 Rxd4 43. Rh1 Rxb4 44. Nd2 Kf7 45. Rxh3 Kf6 46. Rh1 Rd4 47. Rb1 b4 48. Rb3 1-0

[Event "Quebec-ch"]
[Site "Montreal CAN"]
[Date "1999.06.23"]
[Round "2.2"]
[White "Khassanov, Marat"]
[Black "Leveille, Francois"]
[Result "1-0"]
[WhiteElo "2345"]
[BlackElo "2345"]
[PlyCount "81"]
[GameId "2160767911743340"]
[EventDate "1999.06.05"]
[EventType "k.o."]
[EventRounds "4"]
[EventCountry "CAN"]
[SourceTitle "EXT 2000"]
[Source "ChessBase"]
[SourceDate "1999.11.18"]
[SourceVersion "1"]
[SourceVersionDate "1999.11.18"]
[SourceQuality "1"]

1. Nf3 Nc6 2. e4 e5 3. Bb5 a6 4. Bxc6 dxc6 5. Nc3 Bd6 6. d4 f6 7. O-O Bg4 8. Qd3 Bxf3 9. gxf3 exd4 10. Ne2 c5 11. f4 Ne7 12. b4 cxb4 13. Nxd4 Qd7 14. Qb3 O-O-O 15. Ne6 Rde8 16. a3 Nc6 17. f5 g6 18. axb4 gxf5 19. b5 Nb4 20. bxa6 bxa6 21. exf5 Rhg8+ 22. Kh1 Qc6+ 23. f3 Qb5 24. Bf4 Qe2 25. Rg1 Nxc2 26. Rac1 Rxg1+ 27. Rxg1 Bxf4 28. Nxf4 Qe3 29. Qxe3 Nxe3 30. Rc1 Re5 31. Ne6 Nd5 32. Nd4 Kb7 33. Kg1 Ne7 34. Rb1+ Kc8 35. Kf2 Nxf5 36. Nc6 Rb5 37. Na7+ Kd7 38. Nxb5 axb5 39. Rxb5 Ke6 40. Rc5 Kf7 41. Rxf5 1-0

[Event "Quebec-ch"]
[Site "Montreal CAN"]
[Date "1999.06.23"]
[Round "2.2"]
[White "Schleifer, Michael"]
[Black "Hua, Lefong"]
[Result "1/2-1/2"]
[WhiteElo "2305"]
[BlackElo "2248"]
[PlyCount "110"]
[GameId "2160767911743341"]
[EventDate "1999.06.05"]
[EventType "k.o."]
[EventRounds "4"]
[EventCountry "CAN"]
[SourceTitle "EXT 2000"]
[Source "ChessBase"]
[SourceDate "1999.11.18"]
[SourceVersion "1"]
[SourceVersionDate "1999.11.18"]
[SourceQuality "1"]

1. Nf3 c5 2. c4 e6 3. d4 d5 4. cxd5 exd5 5. Nc3 Nc6 6. Bg5 Nf6 7. e3 Be6 8. dxc5 Bxc5 9. Be2 h6 10. Bh4 O-O 11. O-O a6 12. Rc1 Ba7 13. Rc2 Qe7 14. Rd2 Rad8 15. Qa4 Qc7 16. Bxf6 gxf6 17. Qh4 Kg7 18. Rfd1 Ne7 19. Nd4 Qe5 20. Qg3+ Qxg3 21. hxg3 f5 22. Bf3 Rd7 23. Nce2 Rc8 24. g4 Kf6 25. gxf5 Nxf5 26. Nxf5 Bxf5 27. Nc3 Rcd8 28. Rxd5 Rxd5 29. Nxd5+ Ke5 30. Kf1 Bc2 31. Rd2 Bb1 32. b3 Bc5 33. Ke2 a5 34. Nc3 Rxd2+ 35. Kxd2 Bb4 36. a3 Bxc3+ 37. Kxc3 b6 38. Kc4 Kd6 39. b4 axb4 40. axb4 Ba2+ 41. Kd4 Bb1 42. Bd5 f6 43. e4 Bc2 44. f4 Bd1 45. e5+ fxe5+ 46. fxe5+ Ke7 47. Ke4 Bc2+ 48. Kf4 Bg6 49. Be4 Be8 50. Kf5 Bd7+ 51. Kg6 Be8+ 52. Kxh6 Ke6 53. g4 Kxe5 54. Bg2 Kd4 55. g5 b5 1/2-1/2

[Event "Quebec-ch"]
[Site "Montreal CAN"]
[Date "1999.06.24"]
[Round "3.1"]
[White "Khassanov, Marat"]
[Black "Duong, Thanh Nha"]
[Result "1-0"]
[WhiteElo "2345"]
[BlackElo "2299"]
[PlyCount "73"]
[GameId "2160767911743342"]
[EventDate "1999.06.05"]
[EventType "k.o."]
[EventRounds "4"]
[EventCountry "CAN"]
[SourceTitle "EXT 2000"]
[Source "ChessBase"]
[SourceDate "1999.11.18"]
[SourceVersion "1"]
[SourceVersionDate "1999.11.18"]
[SourceQuality "1"]

1. Nf3 d5 2. c4 c6 3. cxd5 cxd5 4. d4 Nf6 5. Nc3 Nc6 6. Bf4 Bf5 7. e3 e6 8. Bb5 Nd7 9. Qa4 Qb6 10. Nh4 Be4 11. O-O-O Be7 12. f3 Bxh4 13. fxe4 dxe4 14. d5 exd5 15. Nxd5 Qc5+ 16. Kb1 O-O 17. b4 Nxb4 18. Qxb4 Qxb4+ 19. Nxb4 Nc5 20. Nd5 Ne6 21. Bd6 Rfd8 22. Nc7 Nxc7 23. Bxc7 Rdc8 24. Rd7 Bf2 25. Bc4 Bxe3 26. Bxf7+ Kh8 27. Re1 Bh6 28. Rxe4 a5 29. Rde7 Bd2 30. Bd5 Rf8 31. Bxb7 Bb4 32. Bxa8 Bxe7 33. Rxe7 Rxa8 34. Bxa5 h5 35. Bc3 Rg8 36. Rxg7 Rxg7 37. a4 1-0

[Event "Quebec-ch"]
[Site "Montreal CAN"]
[Date "1999.06.24"]
[Round "3.2"]
[White "Duong, Thanh Nha"]
[Black "Khassanov, Marat"]
[Result "1-0"]
[WhiteElo "2299"]
[BlackElo "2345"]
[PlyCount "122"]
[GameId "2160767911743344"]
[EventDate "1999.06.05"]
[EventType "k.o."]
[EventRounds "4"]
[EventCountry "CAN"]
[SourceTitle "EXT 2000"]
[Source "ChessBase"]
[SourceDate "1999.11.18"]
[SourceVersion "1"]
[SourceVersionDate "1999.11.18"]
[SourceQuality "1"]

1. d4 Nf6 2. c4 e6 3. Nf3 d5 4. Bg5 Nbd7 5. cxd5 exd5 6. e3 c6 7. Nc3 Be7 8. Bd3 O-O 9. Qc2 Re8 10. O-O Nf8 11. Rab1 Ng6 12. b4 a6 13. Bxf6 Bxf6 14. Na4 Qd6 15. Nb6 Rb8 16. Nxc8 Rbxc8 17. Bf5 Rc7 18. Rfc1 Nf8 19. a4 g6 20. Bh3 Ne6 21. Bxe6 Qxe6 22. Ne1 Be7 23. Nd3 Bd6 24. Rb3 Qg4 25. Nc5 h5 26. g3 Qh3 27. Qe2 h4 28. Qf3 hxg3 29. hxg3 Kg7 30. Qg2 Qxg2+ 31. Kxg2 a5 32. Rcb1 axb4 33. Rxb4 Bxc5 34. dxc5 Ra8 35. Kf3 Ra5 36. Rxb7 Rxb7 37. Rxb7 Rxc5 38. Ra7 Rc3 39. Ke2 Rc2+ 40. Ke1 Ra2 41. a5 Kf6 42. a6 c5 43. Ra8 Kf5 44. f3 Kf6 45. a7 Ra1+ 46. Kd2 Ra4 47. Kc2 Rc4+ 48. Kb3 Rb4+ 49. Ka3 Rb7 50. Ka4 d4 51. exd4 cxd4 52. Ka5 Re7 53. Kb6 Re6+ 54. Kb5 Re7 55. Kb6 Re6+ 56. Kc5 Ra6 57. Kxd4 Ra1 58. Kd5 Rd1+ 59. Kc6 Rc1+ 60. Kd7 Rd1+ 61. Ke8 Kg7 1-0

[Event "Quebec-ch"]
[Site "Montreal CAN"]
[Date "1999.06.24"]
[Round "3.3"]
[White "Khassanov, Marat"]
[Black "Duong, Thanh Nha"]
[Result "0-1"]
[WhiteElo "2345"]
[BlackElo "2299"]
[PlyCount "102"]
[GameId "2160767911743346"]
[EventDate "1999.06.05"]
[EventType "k.o."]
[EventRounds "4"]
[EventCountry "CAN"]
[SourceTitle "EXT 2000"]
[Source "ChessBase"]
[SourceDate "1999.11.18"]
[SourceVersion "1"]
[SourceVersionDate "1999.11.18"]
[SourceQuality "1"]

1. e4 e5 2. Nf3 Nc6 3. Bb5 a6 4. Bxc6 dxc6 5. Nc3 Bd6 6. d4 exd4 7. Nxd4 Qh4 8. Qe2 Ne7 9. h3 O-O 10. g3 Qf6 11. Be3 Be5 12. O-O-O c5 13. Nb3 Bxc3 14. bxc3 b6 15. Bf4 Qc6 16. Kb1 a5 17. a3 Be6 18. g4 a4 19. Nc1 Qb7 20. Nd3 Nc6 21. Bc1 Na5 22. f4 Rfe8 23. Rhe1 Bc4 24. Qf3 f6 25. f5 Qc6 26. Ka1 Bf7 27. Nb2 b5 28. Qd3 Re7 29. Bd2 Rae8 30. g5 c4 31. Qg3 fxg5 32. Bxg5 Rxe4 33. Rxe4 Qxe4 34. Bf6 g6 35. fxg6 Qxg6 36. Qf2 Qh6 37. Rg1+ Bg6 38. Qc5 Qf8 39. Qxb5 c6 40. Qxa5 Qxa3+ 41. Kb1 Rb8 42. Qb4 Rxb4 43. cxb4 Qxb4 44. Rg4 Qe1+ 45. Ka2 c3 46. Bh4 Qd2 47. Nxa4 Qxc2+ 48. Ka3 Qc1+ 49. Kb3 c2 50. Bg5 Qb1+ 51. Kc4 Qb5+ 0-1

[Event "Quebec-ch"]
[Site "Montreal CAN"]
[Date "1999.06.24"]
[Round "3.4"]
[White "Duong, Thanh Nha"]
[Black "Khassanov, Marat"]
[Result "1-0"]
[WhiteElo "2299"]
[BlackElo "2345"]
[PlyCount "143"]
[GameId "2160767911743348"]
[EventDate "1999.06.05"]
[EventType "k.o."]
[EventRounds "4"]
[EventCountry "CAN"]
[SourceTitle "EXT 2000"]
[Source "ChessBase"]
[SourceDate "1999.11.18"]
[SourceVersion "1"]
[SourceVersionDate "1999.11.18"]
[SourceQuality "1"]

1. Nf3 Nf6 2. c4 e6 3. d4 Nc6 4. e3 Bb4+ 5. Bd2 Bxd2+ 6. Nbxd2 d6 7. Bd3 O-O 8. O-O e5 9. Ne4 Bg4 10. d5 Nxe4 11. dxc6 Ng5 12. cxb7 Rb8 13. Be2 Rxb7 14. Nxg5 Bxe2 15. Qxe2 Qxg5 16. b3 a5 17. Qf3 Ra7 18. Qd5 Qe7 19. c5 dxc5 20. Rac1 Rd8 21. Qxc5 Qxc5 22. Rxc5 f6 23. Rfc1 Rd2 24. R5c2 Rxc2 25. Rxc2 Kf7 26. Kf1 Ke7 27. Rc4 Kd6 28. Ke2 c5 29. Kd2 Kc6 30. Kc2 f5 31. f3 Rd7 32. Rh4 g6 33. h3 Kb5 34. Rc4 g5 35. g3 Rd6 36. h4 gxh4 37. Rxh4 Rg6 38. g4 fxg4 39. fxg4 e4 40. Kc3 Rf6 41. a4+ Kc6 42. Kc4 Rf3 43. Rh6+ Kd7 44. Rxh7+ Ke6 45. Rh6+ Ke7 46. Rh5 Rxe3 47. Rxc5 Kd6 48. Rxa5 Rg3 49. g5 e3 50. Kd3 e2+ 51. Kxe2 Rxb3 52. g6 Rg3 53. Kf2 Rg4 54. Kf3 Rg1 55. Kf4 Ke7 56. Rg5 Rf1+ 57. Ke4 Re1+ 58. Kd4 Kf8 59. g7+ Kg8 60. Kc5 Ra1 61. Kb5 Rb1+ 62. Ka6 Ra1 63. a5 Rb1 64. Ka7 Ra1 65. a6 Rb1 66. Rg6 Re1 67. Kb7 Re7+ 68. Kb6 Re1 69. a7 Re8 70. Kb7 Re7+ 71. Ka6 Re8 72. Rc6 1-0

[Event "Quebec-ch U12"]
[Site "Montreal CAN"]
[Date "1999.05.09"]
[Round "3"]
[White "Feoktistov, Dmitri"]
[Black "Ouellet-Leveille, Clement"]
[Result "1-0"]
[WhiteElo "1977"]
[BlackElo "1460"]
[PlyCount "140"]
[GameId "2160767911805138"]
[EventDate "1999.05.01"]
[EventType "swiss"]
[EventRounds "4"]
[EventCountry "CAN"]

1. d4 Nf6 2. c4 e6 3. Nc3 Bb4 4. e3 b6 5. Bd3 Bb7 6. f3 O-O 7. Nge2 d5 8. a3 Bxc3+ 9. bxc3 Re8 10. O-O Nbd7 11. Ng3 Nf8 12. e4 Rc8 13. cxd5 c5 14. Bb5 N6d7 15. dxe6 Nxe6 16. Qa4 Re7 17. Nf5 Ndf8 18. Nxe7+ Qxe7 19. d5 Nc7 20. Bf4 Nxb5 21. Qxb5 Qf6 22. Bd2 Rd8 23. Rae1 Bc8 24. Qe2 Qh4 25. Qf2 Qh5 26. Qg3 f6 27. Qc7 Re8 28. Bf4 Ng6 29. Bg3 Ba6 30. d6 Nf8 31. Rf2 Qf7 32. Qxf7+ Kxf7 33. Rd2 Nd7 34. f4 f5 35. e5 Re6 36. Bh4 Re8 37. Be7 Ke6 38. h3 Bb7 39. Rd3 Rc8 40. Rg3 g6 41. h4 Rg8 42. h5 b5 43. hxg6 hxg6 44. Rg5 a5 45. g4 Be4 46. gxf5+ Bxf5 47. Re2 Rh8 48. Rh2 Rxh2 49. Kxh2 Nb8 50. Bd8 Nc6 51. Bb6 c4 52. Rg2 b4 53. Bxa5 Nxa5 54. axb4 Nb7 55. Ra2 Be4 56. Kg3 Bc6 57. Ra6 Bd7 58. Rb6 Bc8 59. Rc6 Bd7 60. Rxc4 Nd8 61. Rc7 Nc6 62. b5 Na5 63. c4 Nxc4 64. Rxc4 Bxb5 65. Rb4 Bc6 66. Kg4 Bd7 67. Kg5 Be8 68. Rb7 Bc6 69. Re7+ Kd5 70. d7 Bxd7 1-0

[Event "Quebec-ch U12"]
[Site "Montreal CAN"]
[Date "1999.05.09"]
[Round "3"]
[White "Roussel-Roozmon, Thomas"]
[Black "Malek, Omid"]
[Result "1-0"]
[WhiteElo "1800"]
[BlackElo "1288"]
[PlyCount "85"]
[GameId "2160767911805139"]
[EventDate "1999.05.01"]
[EventType "swiss"]
[EventRounds "4"]
[EventCountry "CAN"]

1. d4 Nf6 2. c4 e6 3. Nc3 Bb4 4. Qc2 Nc6 5. Nf3 d5 6. cxd5 exd5 7. a3 Ba5 8. Bf4 Ne4 9. e3 Qe7 10. Bd3 Bxc3+ 11. bxc3 Be6 12. O-O g5 13. Bg3 Nxg3 14. hxg3 f6 15. Rfb1 Rb8 16. Qa4 O-O 17. Re1 Qf7 18. Nd2 Ne7 19. Rab1 a6 20. e4 c6 21. Qc2 Rfe8 22. a4 Red8 23. a5 Rdc8 24. Nb3 dxe4 25. Bxe4 Bxb3 26. Rxb3 Nd5 27. Bf5 Rc7 28. Be6 h6 29. Qg6+ Kf8 30. Bxf7 Rxf7 31. c4 Nc7 32. Qxh6+ Kg8 33. Qg6+ Kf8 34. Qd3 Kg7 35. g4 Ne8 36. Re3 Kh8 37. Rh3+ Kg8 38. c5 Rd8 39. Qe4 Rc8 40. Rh6 Rd8 41. Rbh3 Rg7 42. Qe6+ Kf8 43. Rh8+ 1-0

[Event "Quebec-ch U16"]
[Site "Montreal CAN"]
[Date "1999.03.04"]
[Round "1"]
[White "Gottlieb, Jonathan"]
[Black "Bachand-Fleurent, Julien"]
[Result "1/2-1/2"]
[WhiteElo "1900"]
[BlackElo "1937"]
[PlyCount "55"]
[GameId "2160767911805515"]
[EventDate "1999.03.04"]
[EventType "tourn"]
[EventRounds "7"]
[EventCountry "CAN"]

1. e4 e6 2. d4 d5 3. e5 c5 4. c3 Nc6 5. Nf3 Bd7 6. a3 c4 7. Be3 f6 8. Nbd2 fxe5 9. Nxe5 Nxe5 10. dxe5 Ne7 11. g4 Ng6 12. f4 b6 13. Nf3 Bc5 14. Bxc5 bxc5 15. f5 Nh4 16. f6 Nxf3+ 17. Qxf3 O-O 18. g5 Qb8 19. Qe2 d4 20. Bg2 d3 21. Qe3 Qxb2 22. O-O Rac8 23. Be4 g6 24. f7+ Rxf7 25. Rxf7 Qxa1+ 26. Rf1 Qxc3 27. Qf4 Qd4+ 28. Rf2 1/2-1/2

[Event "Quebec-ch U16"]
[Site "Montreal CAN"]
[Date "1999.03.04"]
[Round "1"]
[White "Miron, Francois"]
[Black "Caire, Francois"]
[Result "1/2-1/2"]
[WhiteElo "1644"]
[BlackElo "1935"]
[PlyCount "87"]
[GameId "2160767911805516"]
[EventDate "1999.03.04"]
[EventType "tourn"]
[EventRounds "7"]
[EventCountry "CAN"]

1. e4 c5 2. Nf3 Nc6 3. d4 cxd4 4. Nxd4 Nf6 5. Nc3 e5 6. Ndb5 d6 7. Bg5 a6 8. Na3 b5 9. Nd5 Be7 10. Bxf6 Bxf6 11. c3 O-O 12. Nc2 Bg5 13. Be2 Be6 14. a4 bxa4 15. Rxa4 a5 16. O-O Ne7 17. Nce3 Bxe3 18. fxe3 Bxd5 19. exd5 Qb6 20. Qd2 Qb3 21. Rfa1 Qxd5 22. Qxd5 Nxd5 23. Bf3 Nb6 24. Bxa8 Nxa4 25. Rxa4 Rxa8 26. b4 Rc8 27. Rxa5 f5 28. Ra3 Kf7 29. Kf2 Ke6 30. Ke2 e4 31. Kd2 Rc7 32. Ra5 d5 33. g3 g5 34. Kc2 Rf7 35. Ra6+ Ke5 36. Rh6 f4 37. gxf4+ gxf4 38. Rh5+ Rf5 39. Rxf5+ Kxf5 40. exf4 Kxf4 41. Kd2 Kf5 42. Ke3 Ke5 43. Kd2 Kd6 44. Ke3 1/2-1/2

[Event "Quebec-ch U16"]
[Site "Montreal CAN"]
[Date "1999.03.04"]
[Round "1"]
[White "Tanguay-Carel, Mathieu"]
[Black "Laframboise, Marc-Andre"]
[Result "0-1"]
[WhiteElo "1670"]
[BlackElo "1858"]
[PlyCount "48"]
[GameId "2160767911805517"]
[EventDate "1999.03.04"]
[EventType "tourn"]
[EventRounds "7"]
[EventCountry "CAN"]

1. d4 Nf6 2. c4 g6 3. Nc3 Bg7 4. e4 d6 5. f3 O-O 6. Be3 e5 7. d5 c6 8. Nge2 cxd5 9. cxd5 Na6 10. Nc1 Nh5 11. Bxa6 bxa6 12. O-O f5 13. Nd3 f4 14. Bf2 a5 15. Qd2 g5 16. Rfc1 Rf7 17. b4 g4 18. Ne2 Bh6 19. bxa5 Rg7 20. Kh1 g3 21. Bxg3 fxg3 22. Qxh6 Qh4 23. h3 Bxh3 24. Ndf4 Bxg2+ 0-1

[Event "Quebec-ch U16"]
[Site "Montreal CAN"]
[Date "1999.03.04"]
[Round "1"]
[White "Tessier, Olivier"]
[Black "Roussel-Roozmon, Thomas"]
[Result "1/2-1/2"]
[WhiteElo "1758"]
[BlackElo "1759"]
[PlyCount "90"]
[GameId "2160767911805518"]
[EventDate "1999.03.04"]
[EventType "tourn"]
[EventRounds "7"]
[EventCountry "CAN"]

1. d4 Nf6 2. c4 e6 3. Nf3 Bb4+ 4. Bd2 Bxd2+ 5. Qxd2 O-O 6. Nc3 d5 7. cxd5 exd5 8. e3 c6 9. Bd3 Nbd7 10. Qc2 Re8 11. O-O Nf8 12. e4 dxe4 13. Nxe4 Nxe4 14. Bxe4 Be6 15. Rfe1 Bd5 16. b3 Bxe4 17. Rxe4 Qd5 18. Rae1 Re6 19. Re5 Rae8 20. Qc5 Qxc5 21. dxc5 Rd8 22. Kf1 Rxe5 23. Nxe5 Ne6 24. b4 Rd4 25. Rb1 f6 26. Nf3 Rd5 27. g3 Kf7 28. Ke2 Nd4+ 29. Nxd4 Rxd4 30. Ke3 Rd5 31. f4 f5 32. a4 Kf6 33. Rc1 a6 34. h3 h5 35. h4 Rd7 36. Rb1 Rd5 37. Rc1 Ke6 38. Rc4 Rd1 39. Rd4 Rb1 40. Rd6+ Ke7 41. Rd4 Ra1 42. a5 Ra3+ 43. Kf2 Rb3 44. Kg2 Ke6 45. Rd6+ Ke7 1/2-1/2

[Event "Quebec-ch U16"]
[Site "Montreal CAN"]
[Date "1999.03.04"]
[Round "2"]
[White "Caire, Francois"]
[Black "Bachand-Fleurent, Julien"]
[Result "1-0"]
[WhiteElo "1935"]
[BlackElo "1937"]
[PlyCount "51"]
[GameId "2160767911805519"]
[EventDate "1999.03.04"]
[EventType "tourn"]
[EventRounds "7"]
[EventCountry "CAN"]

1. f4 d5 2. Nf3 c5 3. e3 Nc6 4. Bb5 e6 5. b3 Nf6 6. Bb2 Bd7 7. O-O Qc7 8. Bxc6 Bxc6 9. Ne5 O-O-O 10. c4 d4 11. exd4 cxd4 12. Na3 a6 13. d3 Ne8 14. Qe2 Kb8 15. Nc2 f6 16. Nxc6+ Qxc6 17. b4 Qb6 18. Rab1 Bxb4 19. Ba3 a5 20. Bxb4 axb4 21. Rxb4 Qd6 22. Rfb1 Rd7 23. Qe4 f5 24. Rxb7+ Kc8 25. Qf3 Nf6 26. R7b6 1-0